[Event "Sofia MGU op 183rd"]
[Site "Sofia"]
[Date "2017.03.04"]
[Round "2"]
[White "Babatov, Martin"]
[Black "Petkov, Martin"]
[Result "1/2-1/2"]
[WhiteElo "1711"]
[BlackElo "1798"]
[PlyCount "47"]
[EventDate "2017.03.04"]
[EventType "swiss"]
[EventRounds "6"]
[EventCountry "BUL"]
[SourceTitle "CBM 177 Extra"]
[Source "ChessBase"]
[SourceDate "2017.04.27"]
[SourceVersion "1"]
[SourceVersionDate "2017.04.27"]
[SourceQuality "1"]

1. d4 e6 2. c4 f5 3. g3 Nf6 4. Bg2 d5 5. cxd5 exd5 6. Nf3 Bd6 7. 0-0 0-0 8. Nc3 c6 9. Bg5 Nbd7 10. Qd2 Qe8 11. Nh4 Ne4 12. Nxe4 fxe4 13. Bh3 Nf6 14. Bxc8 Qxc8 15. Bxf6 Rxf6 16. f4 Qh3 17. e3 Raf8 18. Ng2 g5 19. Rf2 gxf4 20. Nxf4 Bxf4 21. Rxf4 Rxf4 22. exf4 h5 23. Qg2 Qxg2+ 24. Kxg2 1/2-1/2

[Event "Pleven op 3rd"]
[Site "Pleven"]
[Date "2016.10.08"]
[Round "4"]
[White "Petkov, Martin"]
[Black "Samu, Sorin Mihai"]
[Result "1-0"]
[WhiteElo "1781"]
[BlackElo "2066"]
[PlyCount "89"]
[EventDate "2016.10.07"]
[EventType "swiss"]
[EventRounds "7"]
[EventCountry "BUL"]
[SourceTitle "EXT 2017"]
[Source "ChessBase"]
[SourceDate "2016.10.25"]
[SourceVersion "1"]
[SourceVersionDate "2016.10.25"]
[SourceQuality "1"]

1. d4 c5 2. d5 Nf6 3. c4 g6 4. Nc3 Bg7 5. e4 d6 6. h3 0-0 7. Nf3 a6 8. a4 e6 9. Bd3 exd5 10. cxd5 Re8 11. 0-0 Nbd7 12. Bf4 c4 13. Bc2 Nc5 14. Nd2 Nd3 15. Bxd3 cxd3 16. Be3 Bd7 17. Qb1 b5 18. axb5 axb5 19. Qxd3 b4 20. Rxa8 Qxa8 21. Ne2 Qa2 22. b3 Rc8 23. Nc4 Bb5 24. Rc1 Nxe4 25. Qxe4 Qxe2 26. Qe7 Bxc4 27. Rxc4 Rxc4 28. Qd8+ Bf8 29. bxc4 Qd1+ 30. Kh2 Qh5 31. Bf4 Kg7 32. Bxd6 Bxd6+ 33. Qxd6 b3 34. Qg3 Qd1 35. Qe5+ Kh6 36. d6 Qd2 37. Qe3+ Qxe3 38. fxe3 b2 39. d7 b1Q 40. d8Q Qf5 41. Qd4 f6 42. Qf4+ Qxf4+ 43. exf4 Kg7 44. Kg3 Kf7 45. Kf3 1-0

[Event "BUL-ch U20"]
[Site "Pleven"]
[Date "2004.02.07"]
[Round "6"]
[White "Petkov, Martin"]
[Black "Myumyun, Myumyun"]
[Result "0-1"]
[WhiteElo "1870"]
[BlackElo "1860"]
[PlyCount "72"]
[EventDate "2004.02.10"]
[EventType "swiss"]
[EventRounds "9"]
[EventCountry "BUL"]
[SourceTitle "EXT 2005"]
[Source "ChessBase"]
[SourceDate "2004.11.15"]
[SourceVersion "1"]
[SourceVersionDate "2004.11.15"]
[SourceQuality "1"]

1. d4 e6 2. c4 f5 3. g3 Nf6 4. Bg2 Be7 5. Nf3 0-0 6. 0-0 d5 7. Nbd2 Ne4 8. c5 b6 9. b4 Ba6 10. Re1 Bf6 11. Qc2 Qd7 12. a4 b5 13. axb5 Bxb5 14. Bb2 Nc6 15. Bc3 g5 16. e3 Qg7 17. Rab1 g4 18. Nxe4 fxe4 19. Nd2 h5 20. Bf1 a6 21. Bxb5 axb5 22. Qb2 h4 23. Ra1 Rab8 24. Ra6 Ne7 25. Rxe6 Qf7 26. Ra6 Bxd4 27. Nb3 Bxc3 28. Qxc3 Qxf2+ 29. Kh1 hxg3 30. hxg3 Nf5 31. Rg6+ Kh7 32. Rxg4 Qf3+ 33. Kh2 Qxg4 34. Rg1 Nxg3 35. Qe5 Rf2+ 36. Rg2 Qh4+ 0-1